000 00849nam a2200181Ia 4500
008 151202s9999||||xx |||||||||||||| ||und||
082 _bPNVM-76610
100 _aओशो / अनु. चांदोरकर स्वाती
245 _aओशो - मृत्यूचं अमरत्व
260 _b"मेहता पब्लिशिंग हाऊस, 1941 सदाशिव पेठ, माडीवाले कॉलनी, पुणे 411030"
260 _c2015
300 _a174
600 _aओशो / अनु. चांदोरकर स्वाती
630 _aओशो - मृत्यूचं अमरत्व
700 _aओशो / अनु. चांदोरकर स्वाती
730 _aओशो - मृत्यूचं अमरत्व
942 _cBOOK
999 _c1343269
_d1343266